Регионална библиотека "Любен Каравелов" - Русе

Между слънцето и сянката (Запис номер 89532)

MARC детайли
000 -Лидер
Контролно поле с фиксирана дължина 01089nam a2200313 c 4500
003 - Код на организацията, давaща контролен номер
Контролно поле BLK
005 - Дата и час на последна редакция
Контролно поле 20180422104541.0
008 - Елементи от данни с фиксирана дължина
fixed length control field 180408b bul|||||r ||||||| ||bul||
010 ## - Наследен системен номер
LC control number KNG00094232000
020 ## - Международен стандартен номер на книга ISBN
Международен стандартен номер на книга ISBN 978-954-9835-77-9
-- издат.: Хайни
040 ## - Източник на каталожния запис
Идентификатор на билиотеката - собственик на записа BLK
041 ## - Код за език
Код за езика на текст/звукозапис или на отделно заглавие Български
Код за езика КДБФ Български
080 ## - УДК
Текстов определител УДК Българска литература
УДК код - определител по УДК 821.163.2
УДК определител -1
УДК - код + определител 821.163.2-1
100 1# - Редна дума - Автор
Автор Павлова, Лалка
Авторска отговорност първи автор
R(LIN) 372200
139 ## - Редно поле
Редна дума Павлова, Лалка
Авторски знак Павло - П 13
245 10 - Сведения за заглавието
Заглавие Между слънцето и сянката
Подзаглавни данни Лирика
Редно поле (дума) Лалка Павлова; ил. Калин Димитров Павлов.
257 ## - Страна на издаване
Страна на създаване/издаване България
260 ## - Област на издателските данни
-- София
Име на издателя, разпространителя и проч. Хайни
Година на издаване 2009
300 ## - Физическа характеристика
Страници 80 с.
Илюстрации и др. с ил.
Размери/Мащаб 22 см
380 ## - Жанр
Жанр Худож. лит.
500 ## - Общи забележки
Забележка Офс. изд.
653 ## - Ключова дума – ненормативна
Ключова дума стихотворения
700 1# - Други автори (авторска отговорност)
Лично име Павлов, Калин Димитров
Автороска отговорност (Описва отношението между автора и произведението) ил.
9 (RLIN) 373415
852 ## - Местоположение
Форматна сигнатура Цб 247111
856 4# - Електронен адрес и достъп
Електронен формат pdf - файл
Път до файла /url/
856 4# - Електронен адрес и достъп
Електронен формат pdf - файл
Път до файла /url/
942 ## - АРТИКУЛИ
Вид на библиотечния материал Книги
Скрит в OPAC Не
944 ## - СЪЗДАВАНЕ И РЕДАКЦИЯ на ЗАПИСА
Създаване/Редакция Създаване
Дата на регистрацията/редакция 11.02.2010
Статус, дата на статуса ф /
Служител, извършил регистрацията/редакцията Людмила_Стоянова
944 ## - СЪЗДАВАНЕ И РЕДАКЦИЯ на ЗАПИСА
Създаване/Редакция Редакция
Дата на регистрацията/редакция 01.04.2010
Статус, дата на статуса ф /
Служител, извършил регистрацията/редакцията
999 ## - СИСТЕМНИ КОНТРОЛНИ НОМЕРА
Koha biblionumber 89532
Koha biblioitemnumber 89532
Наличности
Код за отписване Код за изгубен артикул Код за повреда Коз за рестрикции Код за отдаване Артикулен № Име на библиотеката - собственик Име на библиотеката, в която се намира в момента Статус (Текущо местоположение) Дата на вписване в системата Местоположение - отдел Цена в лева Инвентарен номер Систематично азбучна сигнатура Баркод Номер на екземпляра Цена в евро Служебна бележка Служебен тип на артикула
  Не е изгубен Не е повреден без рестрикции ползва се в читалня 145004 Регионална библиотека "Любен Каравелов" Русе Регионална библиотека "Любен Каравелов" Русе Хранилище 2010-02-11 Хранилище 0.00 120000742081 Цб 247111 120000742081 1 0.00 Дост: Dp Вид: Д N: 33 Дата: 05.08.2009 Книги
Vip Innovations Ltd, Rousse, Bulgaria 2025